000 00745 a2200217 4500
010 _aENG-89397
020 _a8125031979
_c195.00
035 _aEN-72930
037 _bDBAD / PUB
082 1 4 _a363.8
090 _c10849
_d10849
100 1 _aGeorge, Susan
245 1 _aFood:
_bfor beginners/
_cby Susan George;illustrated by Nigel Paige
260 _aNew Delhi
_bOrient Longman
_c2007
270 _a1/24, Asaf Ali Road,
_bNew Delhi
_cDelhi
_e110016
_mdelgeneral@orientlongman.com
300 _a173p.
_bill.
_c21 cm (Pbk)
500 _aincludes bibliographical references
700 _aPaige, Nigel
942 _adpl
_cEN
_k363.8/ GEO
999 _c10549
_d10549